000 00256nam a2200097 a 4500
005 20200930022520.0
008 110114s1933 000 spa d
245 3 _aEl periodismo en República Dominicana.
260 _aSanto Domingo,
_c1933.
999 _c23345
_d23345
040 _aDO-SdBNP